Guía médica de las vocaciones sacerdotales y religiosas
Guardat en:
| Autor principal: | |
|---|---|
| Altres autors: | |
| Format: | Llibre |
| Idioma: | espanyol |
| Publicat: |
Buenos Aires
Desclée de Brouwer
1948
|
| Matèries: | |
| Etiquetes: |
Afegir etiqueta
Sense etiquetes, Sigues el primer a etiquetar aquest registre!
|
MARC
| LEADER | 00000nam a2200000 a 4500 | ||
|---|---|---|---|
| 001 | UCR1182 | ||
| 003 | CL-VaPUC | ||
| 005 | 20250228150315.0 | ||
| 008 | 971212e19480000AG |||||||||||||||||spa|d | ||
| 999 | |c 264662 |d 264660 | ||
| 040 | |c Pontificia Universidad Católica de Valparaíso | ||
| 082 | 0 | 4 | |a 248.894 BIO 1948 |2 21 |
| 100 | 0 | |a Biot, René |9 398097 | |
| 245 | 1 | 0 | |a Guía médica de las vocaciones sacerdotales y religiosas |
| 260 | |a Buenos Aires |b Desclée de Brouwer |c 1948 | ||
| 300 | |a 242 páginas | ||
| 583 | |a last modification |c 19971212 00:00:00 |k Rodrigo Vera | ||
| 650 | 0 | |a Vocación sacerdotal |9 392453 | |
| 650 | 0 | |a Vocación religiosa |9 392452 | |
| 650 | 0 | |a Vida espiritual |9 307811 | |
| 650 | 0 | |a Herencia |9 256325 | |
| 650 | 7 | |a CASTIDAD |2 CL-VaPUC |9 330854 | |
| 650 | 0 | |a Personalidad |9 307255 | |
| 650 | 0 | |a Alimentación |9 334197 | |
| 700 | 0 | |a Galimard, P |9 398098 | |
| 942 | |c BK |2 ddc | ||
| 945 | |d 19971212 00:00:00 |a jquezada | ||
| 952 | |0 0 |1 0 |2 ddc |4 0 |6 248_894000000000000_BIO_1948 |7 0 |8 P |9 295037 |a BIBTEO |b BIBTES |c TEO_FTES |d 2019-11-19 |i 3368564 |o 248.894 BIO 1948 |p 3368564 |r 2024-01-18 |t 1 |w 2019-11-19 |y BK |k ICR | ||